00351nam a2200133Ia 4500008004100000020001500041041001200056082002000068100002900088245003800117260002700155300001200182650002300194231217s9999 xx 000 0 und d a8178810638 aEnglish a658.8 MAN;1 R aMantravadi, Pramod M ed. 0aE-marketing : the emerging trends c2005bIcfaiaHyderabad avi, 196 aE-marketing,trends